Normal view
MARC view
- QUALITY CONTROL COSTS CASE STUDIES SERVICE INDUSTRIES QUALITY CONTROL COSTS CASE STUDIES MANUFACTURING QUALITY CONTROL COSTS CASE STUDIES
Entry Topical Term
001 - CONTROL NUMBER
- control field: 58895
003 - CONTROL NUMBER IDENTIFIER
- control field: NUST
005 - DATE AND TIME OF LATEST TRANSACTION
- control field: 20210628202230.0
008 - FIXED-LENGTH DATA ELEMENTS
- fixed length control field: 210628|| aca||aabn | a|a d
040 ## - CATALOGING SOURCE
- Original cataloging agency: NUST
- Transcribing agency: NUST
150 ## - HEADING--TOPICAL TERM
- Topical term or geographic name entry element: QUALITY CONTROL COSTS CASE STUDIES SERVICE INDUSTRIES QUALITY CONTROL COSTS CASE STUDIES MANUFACTURING QUALITY CONTROL COSTS CASE STUDIES
670 ## - SOURCE DATA FOUND
- Source citation: Work cat.: (NUST): Campanella, Jack 58894, Principles of quality costs principles implementation and use, 1990
